Gender differences in attitudes on gender equality

Štúdia analyzuje postoje k rovnosti rodov - muži, ženy - v rámci rodiny na Slovensku. Rozdiely v názoroch na rodovú rovnosť v rôznych oblastiach života. Diskriminácia na trhu práce. Metodológia a dáta. Analýza postojov. Diskusia.

Salvato in:
Dettagli Bibliografici
Autore principale: Habodászová, Ľuba
Natura: Capitolo di libro
Lingua:inglese
Soggetti:
Tags: Aggiungi Tag
Nessun Tag, puoi essere il primo ad aggiungerne!!

MARC

LEADER 00000naa a2200000 4500
001 0123606
005 20231102121211.0
041 0 |a eng 
044 |a SK 
245 1 0 |a Gender differences in attitudes on gender equality  |c Ľuba Habodászová 
520 |a Štúdia analyzuje postoje k rovnosti rodov - muži, ženy - v rámci rodiny na Slovensku. Rozdiely v názoroch na rodovú rovnosť v rôznych oblastiach života. Diskriminácia na trhu práce. Metodológia a dáta. Analýza postojov. Diskusia. 
610 2 0 |a nerovnosť rodová 
610 2 0 |a vzťahy genderové 
610 2 0 |a muži 
610 2 0 |a ženy 
610 2 0 |a trh práce 
610 2 0 |a diskriminácia pracovná 
610 2 0 |a Slovensko 
100 1 |a Habodászová, Ľuba